[Básne]

Bibliographic Details
Main Author: Brautigan, Richard, 1935-1984 (Author)
Other Authors: Hevier, Daniel, 1955- (Translator)
Format: Article
Language:Slovak
ISSN:1335-6976
Subjects:

MARC

LEADER 00000nab a2200000 a 4500
001 vtls000754936
003 SK-MaSNL
005 20260305001951.0
008 240311c2001 xo 0 slo
015 |a SNBRB2001/04-13572 
035 |a CLN000106723 
040 |a SNKBUCL  |b slo  |c SNKBUCL  |e AACR2 
041 0 |a slo 
044 |a xo  |c SK 
080 |a 820 (73)-1  |2 1997 
100 1 |a Brautigan, Richard,  |d 1935-1984  |4 aut  |9 151567 
245 1 0 |a [Básne]  |c Richard Brautigan ; preložil Daniel Hevier 
505 1 |a Mali ste už niekedy bosorkin kvet ako diaľnicu -- Zastavili sme sa v nádherných časoch -- Ovce -- Cukina podľa Julesa Verna -- Pamäti Jesseho Jamesa -- Rómeo a Júlia -- Drevo -- -2 -- Hostina a pitka pokračovali do neskorej noci -- Všetky dievčatá by mali mať báseň -- hej, tušil som, že raz príde 5. jún 1968 
655 7 |a americká poézia  |2 snkbucl  |9 70641 
655 7 |a články z novín a časopisov  |2 snkbucl  |9 267496 
700 1 |a Hevier, Daniel,  |d 1955-  |4 trl  |9 103400 
773 0 |t Kultúrny život  |g Roč. 2, č. 5 (2001), s. 7  |x 1335-6976 
850 |a Slovenská národná knižnica v Martine 
852 |a SNK  |b KIS3GCP 
958 |a LX 
958 |a US 
992 |a RBX 
999 |c 3222913  |d 3224843